000 00458nam a2200157Ia 4500
008 160316s1998 xxu||||| |||| 00| 0 eng d
082 _a331.200000
_bANA
100 _a
245 _aAn analytical handbook on fifth central pay commission report
250 _a
260 _aNew Delhi
_bCentre for Education & Communication
_c1998
300 _a81p
_b
_c
365 _bRs.50
650 _a1.Fifth Pay Commission Report - An Analytical Study
700 _a
_a
999 _c12725
_d12725